| 000 | 01014nam0a22002411 4500 | ||
|---|---|---|---|
| 001 | rc\2577999 | ||
| 005 | 20260407105800.0 | ||
| 035 | _a(NLR Aleph) 006742586 | ||
| 090 |
_a5660221 _c5660221 |
||
| 100 | _a20110914d1928 |||y0rusy50 ca | ||
| 101 | 0 | _arus | |
| 102 | _aRU | ||
| 105 | _ay z ||||| | ||
| 200 | 1 |
_aÐаÑеление СамаÑÑкой гÑбеÑнии по даннÑм ÐÑеÑоÑзной пеÑепиÑи 17 декабÑÑ 1926 г. _fСÑаÑ. оÑд. СамаÑÑк. гÑб. иÑп. к-Ñа |
|
| 210 |
_a[СамаÑа] _cСамаÑÑк. гÑбÑÑаÑ. оÑд. _d1928 _gÑип. â 2 "ÐÑаÑнÑй окÑÑбÑÑ" "СамполигÑаÑÑÑеÑÑа" |
||
| 215 |
_a91 Ñ., [1] Ñ. "Ðглавление" на обл. _d26Ñ 18 Ñм. |
||
| 710 | 0 | 2 |
_aСамаÑÑкий гÑбеÑнÑкий ÑÑаÑиÑÑиÑеÑкий оÑдел _3RU\NLR\AUTH\8810061529 _9624530 |
| 801 | 0 |
_aRU _bNLR _gpsbo |
|
| 801 | 1 |
_aRU _bELAR _2rusmarc |
|
| 852 |
_aNLR _j97/963 |
||
| 942 | _cBOOK | ||
| 980 | _aNB | ||